[Event "Ekaterinburg Rapid op"]
[Site "Ekaterinburg"]
[Date "2023.08.12"]
[Round "8"]
[White "Rogoznikov, Andrey"]
[Black "Kalmachevskikh, Viktor"]
[Result "1-0"]
[WhiteElo "2258"]
[BlackElo "2239"]
[PlyCount "42"]
[EventDate "2023.08.11"]
[EventType "swiss (rapid)"]
[EventRounds "11"]
[EventCountry "RUS"]
[SourceTitle "CBM 215 Extra"]
[Source "ChessBase"]
[SourceDate "2023.09.30"]
[SourceVersion "1"]
[SourceVersionDate "2023.09.30"]
[SourceQuality "1"]

1. d4 c5 2. d5 g6 3. e4 Bg7 4. Nc3 d6 5. Nf3 Nf6 6. Bc4 0-0 7. 0-0 Bg4 8. h3 Bxf3 9. Qxf3 Nbd7 10. Be2 Ne8 11. h4 f5 12. exf5 Rxf5 13. Qh3 Rf8 14. h5 Nc7 15. Bg5 h6 16. hxg6 Ne5 17. Bxh6 Nxg6 18. Bd3 Qe8 19. Rae1 Qf7 20. Re3 c4 21. Bxg6 Qxg6 1-0

[Event "Ekaterinburg Rapid op"]
[Site "Ekaterinburg"]
[Date "2023.08.11"]
[Round "4"]
[White "Smirnov, Alexey1"]
[Black "Kalmachevskikh, Viktor"]
[Result "1-0"]
[WhiteElo "2397"]
[BlackElo "2239"]
[PlyCount "83"]
[EventDate "2023.08.11"]
[EventType "swiss (rapid)"]
[EventRounds "11"]
[EventCountry "RUS"]
[SourceTitle "CBM 215 Extra"]
[Source "ChessBase"]
[SourceDate "2023.09.30"]
[SourceVersion "1"]
[SourceVersionDate "2023.09.30"]
[SourceQuality "1"]

1. d4 c5 2. d5 g6 3. c4 Bg7 4. Nc3 Bxc3+ 5. bxc3 f5 6. e4 fxe4 7. f3 Nf6 8. fxe4 Qa5 9. Qc2 d6 10. Bd3 Nbd7 11. Nf3 Ng4 12. 0-0 Nde5 13. Nxe5 Nxe5 14. Bh6 Bd7 15. Bg7 0-0-0 16. Bxh8 Rxh8 17. Be2 Kc7 18. Rab1 b6 19. Rf2 h5 20. Rbf1 Bg4 21. Bd3 Bd7 22. h3 Rh7 23. Be2 Ba4 24. Qd2 Bd7 25. Rf8 Qa4 26. Rg8 Kb7 27. Rff8 Ka6 28. Qb2 Kb7 29. Qb3 Qa5 30. h4 Kc7 31. Kh2 Qa6 32. Kg3 Qa5 33. Kf4 Qa6 34. Kg5 Qa5 35. Rxg6 Bg4 36. Bxg4 Nxg4 37. Rgg8 Ne5 38. Qb5 Qxb5 39. cxb5 Kb7 40. Kf5 Kc7 41. a4 Nc4 42. Kg6 1-0

[Event "Khanty-Mansiysk Governor Cup Rapid 18th"]
[Site "Khanty-Mansiysk"]
[Date "2022.11.26"]
[Round "3"]
[White "Alekseev, Evgeny V"]
[Black "Kalmachevskikh, Viktor"]
[Result "1-0"]
[WhiteElo "2575"]
[BlackElo "2239"]
[PlyCount "69"]
[EventDate "2022.11.26"]
[EventType "swiss (rapid)"]
[EventRounds "11"]
[EventCountry "RUS"]
[SourceTitle "CBM 211 Extra"]
[Source "ChessBase"]
[SourceDate "2023.01.31"]
[SourceVersion "1"]
[SourceVersionDate "2023.01.31"]
[SourceQuality "1"]

1. e4 c5 2. Nf3 Nc6 3. Bb5 g6 4. 0-0 Bg7 5. c3 e5 6. d4 cxd4 7. cxd4 Nxd4 8. Nxd4 exd4 9. Bf4 Ne7 10. Na3 0-0 11. Bd6 Re8 12. Bc4 Nc6 13. Nb5 Re6 14. Bg3 a6 15. Nd6 Qe7 16. Bxe6 dxe6 17. Rc1 e5 18. Nxc8 Rxc8 19. Qd3 Rd8 20. a3 h5 21. f3 h4 22. Be1 h3 23. g3 Bh6 24. Rc2 Qe6 25. b4 Qf6 26. Bd2 Be3+ 27. Bxe3 dxe3 28. Qxe3 Nd4 29. Rcf2 Qc6 30. f4 exf4 31. Qxf4 Rd7 32. Qb8+ Kg7 33. Qe5+ Kg8 34. Qe8+ Kg7 35. Rxf7+ 1-0

[Event "Sochi Lazarevskoe op"]
[Site "Sochi"]
[Date "2012.06.17"]
[Round "4"]
[White "Kalmachevskikh, Viktor"]
[Black "Zakaryan, David"]
[Result "1/2-1/2"]
[WhiteElo "2272"]
[BlackElo "2026"]
[PlyCount "114"]
[EventDate "2012.06.14"]
[EventType "swiss"]
[EventRounds "9"]
[EventCountry "RUS"]
[SourceTitle "EXT 2013"]
[Source "ChessBase"]
[SourceDate "2012.11.22"]
[SourceVersion "1"]
[SourceVersionDate "2012.11.22"]
[SourceQuality "1"]

1. d4 Nf6 2. Bg5 d5 3. Nd2 Nbd7 4. e3 h6 5. Bf4 e6 6. Bd3 c5 7. c3 Qb6 8. Rb1 Bd6 9. Bxd6 Qxd6 10. Ngf3 0-0 11. 0-0 e5 12. dxe5 Nxe5 13. Nxe5 Qxe5 14. Nf3 Qh5 15. Qa4 Bd7 16. Qh4 Qxh4 17. Nxh4 Rfd8 18. Rfd1 Be6 19. Nf3 Ne4 20. Kf1 Kf8 21. Ke1 Ng5 22. Ne5 Ke7 23. b4 Kf6 24. f4 c4 25. Bc2 Bf5 26. fxg5+ Kxe5 27. Bxf5 Kxf5 28. gxh6 gxh6 29. Ke2 Ke5 30. Rd4 Rg8 31. g3 Rad8 32. Rf1 f6 33. g4 Rd6 34. Rf5+ Ke6 35. Kf3 Rg5 36. Rxg5 fxg5 37. a4 a5 38. bxa5 Ra6 39. e4 Rxa5 40. exd5+ Rxd5 41. Re4+ Kd6 42. Rxc4 Rd3+ 43. Ke4 Rh3 44. Rb4 Kc6 45. a5 Rxh2 46. Rb6+ Kc7 47. Rg6 Rh3 48. c4 h5 49. Rxg5 hxg4 50. Rxg4 Rh5 51. a6 bxa6 52. Kd4 Rh6 53. Rg8 Kc6 54. Kc3 Rh3+ 55. Kb4 Rh6 56. Rc8+ Kb7 57. Rf8 Kc6 1/2-1/2

[Event "Khanty-Mansiysk Governor Cup 7th"]
[Site "Khanty-Mansiysk"]
[Date "2011.09.07"]
[Round "8"]
[White "Kalmachevskikh, Viktor"]
[Black "Kabanov, Nikolai"]
[Result "0-1"]
[WhiteElo "2293"]
[BlackElo "2520"]
[PlyCount "114"]
[EventDate "2011.08.31"]
[EventType "swiss"]
[EventRounds "9"]
[EventCountry "RUS"]
[SourceTitle "CBM 144 Extra"]
[Source "ChessBase"]
[SourceDate "2011.10.28"]
[SourceVersion "1"]
[SourceVersionDate "2011.10.28"]
[SourceQuality "1"]

1. d4 d6 2. e4 Nf6 3. Nc3 c6 4. Nf3 Bg4 5. Be2 e6 6. 0-0 Be7 7. Bg5 0-0 8. h3 Bh5 9. e5 dxe5 10. dxe5 Nd5 11. Bxe7 Qxe7 12. Nxd5 cxd5 13. Nd4 Bxe2 14. Qxe2 Rc8 15. c3 Rc4 16. Qd2 Nc6 17. Nxc6 bxc6 18. Rfe1 Rb8 19. Rac1 a5 20. b3 Rc5 21. Qd4 Rcb5 22. Qd2 a4 23. c4 Rb4 24. cxd5 cxd5 25. bxa4 Rxa4 26. Rc2 h6 27. g3 Qg5 28. Qxg5 hxg5 29. f3 Kh7 30. Kf2 Kg6 31. g4 Rba8 32. Ree2 Ra3 33. Red2 R8a4 34. Re2 Ra6 35. Rb2 R6a5 36. Rbc2 R5a4 37. Rb2 Rc3 38. Rbc2 Rxc2 39. Rxc2 f6 40. exf6 gxf6 41. Rd2 Ra3 42. Kg3 Kf7 43. Kf2 Ke7 44. Rb2 Kd6 45. Rc2 d4 46. Rb2 Kd5 47. Re2 d3 48. Re4 Rxa2+ 49. Ke3 Re2+ 50. Kxd3 Rxe4 51. fxe4+ Kc5 52. e5 fxe5 53. Ke4 Kd6 54. Kf3 Kd5 55. Kg3 Ke4 56. h4 gxh4+ 57. Kxh4 Kf4 0-1

[Event "Khanty-Mansiysk Governor Cup 7th"]
[Site "Khanty-Mansiysk"]
[Date "2011.09.01"]
[Round "2"]
[White "Mamedov, Rauf"]
[Black "Kalmachevskikh, Viktor"]
[Result "1-0"]
[WhiteElo "2679"]
[BlackElo "2293"]
[PlyCount "65"]
[EventDate "2011.08.31"]
[EventType "swiss"]
[EventRounds "9"]
[EventCountry "RUS"]
[SourceTitle "CBM 144 Extra"]
[Source "ChessBase"]
[SourceDate "2011.10.28"]
[SourceVersion "1"]
[SourceVersionDate "2011.10.28"]
[SourceQuality "1"]

1. e4 c5 2. Ne2 Nc6 3. Nbc3 g6 4. g3 Bg7 5. Bg2 e6 6. 0-0 Nge7 7. d3 0-0 8. Be3 b6 9. d4 d6 10. Qd2 e5 11. dxc5 dxc5 12. Nd5 Nxd5 13. exd5 Nd4 14. c3 Nxe2+ 15. Qxe2 f5 16. d6 Rb8 17. Rad1 Bb7 18. f4 Bxg2 19. Kxg2 e4 20. Qc4+ Kh8 21. d7 Bf6 22. Rd6 Kg7 23. Rfd1 Rb7 24. Qd5 Rb8 25. b4 Kh6 26. bxc5 bxc5 27. Bxc5 Be7 28. Re6 Rb2+ 29. Kh3 Bxc5 30. Qxc5 Rb8 31. Qe5 Kh5 32. Qg7 Rh8 33. Rd5 1-0

[Event "Izhevsk Corporation Cup-A 3rd"]
[Site "Izhevsk"]
[Date "2011.07.15"]
[Round "1"]
[White "Shpilevoy, Eugen"]
[Black "Kalmachevskikh, Viktor"]
[Result "0-1"]
[WhiteElo "1986"]
[BlackElo "2293"]
[PlyCount "34"]
[EventDate "2011.07.15"]
[EventType "swiss"]
[EventRounds "9"]
[EventCountry "RUS"]
[SourceTitle "CBM 143 Extra"]
[Source "ChessBase"]
[SourceDate "2011.08.29"]
[SourceVersion "1"]
[SourceVersionDate "2011.08.29"]
[SourceQuality "1"]

1. d4 c5 2. dxc5 e6 3. Nf3 Bxc5 4. Nc3 d5 5. e3 Nf6 6. Be2 0-0 7. 0-0 Nc6 8. a3 a6 9. b4 Bd6 10. Bb2 b5 11. Nb1 Bb7 12. Nbd2 Qc7 13. Ra2 e5 14. Nh4 Ne7 15. Qa1 Nd7 16. f4 f6 17. g3 Qb6 0-1

[Event "Moscow op-E"]
[Site "Moscow"]
[Date "2011.02.06"]
[Round "9.85"]
[White "Kalmachevskikh, Viktor"]
[Black "Savenkov, Konstantin"]
[Result "1-0"]
[WhiteElo "2295"]
[BlackElo "1970"]
[PlyCount "79"]
[EventDate "2011.01.29"]
[EventType "swiss"]
[EventRounds "9"]
[EventCountry "RUS"]
[SourceTitle "EXT 2022"]
[Source "ChessBase"]
[SourceDate "2021.10.06"]
[SourceVersion "1"]
[SourceVersionDate "2021.10.06"]
[SourceQuality "1"]

1. d4 e6 2. c4 d5 3. Nc3 f5 4. Nf3 c6 5. Bf4 Nf6 6. e3 Bd6 7. Ne5 0-0 8. Bd3 Qe7 9. Qc2 Ne4 10. Bxe4 fxe4 11. 0-0 Nd7 12. Nxd7 Qxd7 13. Bxd6 Qxd6 14. Qb3 Kh8 15. Qd1 Qb4 16. Qe2 b6 17. a3 Qb3 18. cxd5 exd5 19. Rac1 a5 20. Qc2 Qxc2 21. Rxc2 Ba6 22. Rfc1 Bd3 23. Rd2 Bc4 24. Nxe4 b5 25. Ng5 Rae8 26. Nf3 a4 27. Ne5 Rf6 28. f4 Kg8 29. Rf2 Re7 30. g4 Rc7 31. Kg2 Kf8 32. Kg3 Ke7 33. f5 Kd6 34. h4 Rf8 35. g5 c5 36. Ng4 Bd3 37. f6 gxf6 38. Rxf6+ Rxf6 39. Nxf6 c4 40. Ne8+ 1-0

[Event "Yugra Region-ch"]
[Site "Khanty-Mansiysk"]
[Date "2011.01.16"]
[Round "2"]
[White "Bezgodova, Maria"]
[Black "Kalmachevskikh, Viktor"]
[Result "1-0"]
[WhiteElo "2190"]
[BlackElo "2295"]
[PlyCount "183"]
[EventDate "2011.01.15"]
[EventType "swiss"]
[EventRounds "7"]
[EventCountry "RUS"]
[SourceTitle "EXT 2012"]
[Source "ChessBase"]
[SourceDate "2011.11.24"]
[SourceVersion "1"]
[SourceVersionDate "2011.11.24"]
[SourceQuality "1"]

1. e4 c5 2. Nf3 Nc6 3. d4 cxd4 4. Nxd4 Nf6 5. Nc3 g6 6. Be3 Bg7 7. f3 0-0 8. Qd2 d5 9. Nxc6 bxc6 10. 0-0-0 e6 11. Bc4 Qc7 12. Bb3 Bb7 13. Bf4 Qc8 14. Bh6 dxe4 15. Bxg7 Kxg7 16. fxe4 Qc7 17. Qg5 h6 18. Qc5 Rfd8 19. e5 Nd5 20. Bxd5 exd5 21. Rhe1 Qc8 22. e6 fxe6 23. Qe7+ Kh8 24. Qf6+ Kh7 25. Qf7+ Kh8 26. Qxg6 Rd7 27. Qxh6+ Rh7 28. Qf6+ Rg7 29. Rd3 Kg8 30. Rh3 Qe8 31. Rxe6 Qd8 32. Qxd8+ Rxd8 33. Reh6 Kf7 34. Rh7 c5 35. Ne2 d4 36. Nf4 Re8 37. Rxg7+ Kxg7 38. Kd2 Bc8 39. Rh5 Rf8 40. g3 Bf5 41. b3 Rf7 42. h4 Kf6 43. Nd3 Ke6 44. Nxc5+ Kd6 45. Nd3 Be4 46. Rh6+ Kd5 47. Nf4+ Ke5 48. Rh5+ Kd6 49. Rg5 Rc7 50. Nd3 Rf7 51. h5 Rf1 52. Rg4 Kd5 53. Nf4+ Ke5 54. Nd3+ Kd5 55. Rf4 Rg1 56. Nf2 Bh7 57. g4 Rg2 58. Rf7 Be4 59. h6 Ke6 60. Rf4 Bg6 61. Kc1 Ke5 62. Rf8 Ke6 63. Kb2 Rh2 64. g5 Bf5 65. Re8+ Kf7 66. Re2 Kg6 67. Rd2 Rg2 68. b4 Rxg5 69. Rxd4 Kxh6 70. Nd3 Rg2 71. Kb3 Kg5 72. a4 Kf6 73. Rd6+ Ke7 74. Ra6 Kd7 75. Rxa7+ Kc6 76. b5+ Kb6 77. Ra6+ Kc7 78. Rc6+ Kb8 79. Kb4 Be4 80. Rc4 Bf5 81. Ka5 Rd2 82. Kb6 Bxd3 83. cxd3 Rxd3 84. a5 Rd8 85. a6 Rh8 86. Rc6 Rg8 87. Rf6 Rh8 88. Rf5 Ka8 89. Ka5 Rc8 90. b6 Rb8 91. Rf6 Rd8 92. a7 1-0

[Event "Khanty-Mansiysk Governor Cup-B 5th"]
[Site "Khanty-Mansiysk"]
[Date "2009.11.28"]
[Round "5"]
[White "Gusarov, Grigory"]
[Black "Kalmachevskikh, Viktor"]
[Result "1/2-1/2"]
[WhiteElo "2356"]
[BlackElo "2317"]
[PlyCount "102"]
[EventDate "2009.11.24"]
[EventType "swiss"]
[EventRounds "11"]
[EventCountry "RUS"]
[SourceTitle "EXT 2011"]
[Source "ChessBase"]
[SourceDate "2010.11.26"]
[SourceVersion "1"]
[SourceVersionDate "2010.11.26"]
[SourceQuality "1"]

1. d4 d5 2. Nf3 Bg4 3. Ne5 Bf5 4. c4 f6 5. Nf3 c6 6. Nbd2 e6 7. Qb3 Qb6 8. Qe3 Nd7 9. Nh4 Kf7 10. cxd5 cxd5 11. Nxf5 exf5 12. Qd3 g6 13. g3 Bd6 14. Bg2 Ne7 15. e3 h5 16. 0-0 h4 17. Nb1 hxg3 18. hxg3 Rh5 19. Nc3 Rah8 20. Qb5 Qxb5 21. Nxb5 Bb8 22. Bd2 a6 23. Nc3 Ke6 24. Rac1 Rc8 25. Na4 Rhh8 26. Bb4 Bd6 27. Bc5 Rc6 28. Bxd6 Kxd6 29. Rxc6+ Nxc6 30. Rc1 Ne7 31. Nc5 Nxc5 32. dxc5+ Ke6 33. b4 Nc6 34. a3 Ne5 35. Rd1 Rd8 36. Rd4 Nc6 37. Rh4 Ne7 38. Kf1 a5 39. Ke1 Ra8 40. Kd2 axb4 41. Rxb4 Rxa3 42. Rxb7 Ra2+ 43. Ke1 Rc2 44. Rc7 g5 45. Bf3 f4 46. gxf4 gxf4 47. Bg4+ f5 48. Bf3 fxe3 49. fxe3 Kf6 50. Kd1 Rc3 51. Ke2 Rc4 1/2-1/2

[Event "Khanty-Mansiysk Governor Cup-B 5th"]
[Site "Khanty-Mansiysk"]
[Date "2009.11.26"]
[Round "3"]
[White "Pranizin, Gennady"]
[Black "Kalmachevskikh, Viktor"]
[Result "0-1"]
[WhiteElo "2145"]
[BlackElo "2317"]
[PlyCount "108"]
[EventDate "2009.11.24"]
[EventType "swiss"]
[EventRounds "11"]
[EventCountry "RUS"]
[SourceTitle "EXT 2011"]
[Source "ChessBase"]
[SourceDate "2010.11.26"]
[SourceVersion "1"]
[SourceVersionDate "2010.11.26"]
[SourceQuality "1"]

1. e4 c5 2. Nc3 Nc6 3. Bb5 g6 4. f4 Bg7 5. Nf3 a6 6. Bxc6 bxc6 7. 0-0 Nh6 8. f5 d5 9. d4 dxe4 10. f6 exf6 11. Nxe4 0-0 12. dxc5 Ng4 13. h3 Ne5 14. Qxd8 Rxd8 15. Nxe5 fxe5 16. Bg5 Rd4 17. Nd6 f5 18. Be3 Rd5 19. Nc4 Rb8 20. Nb6 Rd8 21. Rad1 Be6 22. Bg5 Rxd1 23. Rxd1 Bf8 24. b4 Kf7 25. a3 h6 26. Bc1 Ke8 27. Bb2 e4 28. Bf6 g5 29. g3 Kf7 30. Be5 Re8 31. c4 h5 32. Kf2 Bh6 33. Ke3 h4 34. gxh4 g4+ 35. Bf4 Bxf4+ 36. Kxf4 gxh3 37. Nd7 Rh8 38. Ne5+ Kf6 39. Nxc6 Rxh4+ 40. Kg3 Rh8 41. Rh1 Rg8+ 42. Kh2 f4 43. Rf1 Rg2+ 44. Kh1 Kg5 45. Nd4 Bg4 46. b5 axb5 47. cxb5 Rd2 48. b6 Rb2 49. a4 Rb4 50. Nb5 Bf3+ 51. Kg1 Rb2 52. Rxf3 exf3 53. Nd4 Kg4 54. Nxf3 Kxf3 0-1

[Event "Khanty-Mansiysk Governor Cup-B 5th"]
[Site "Khanty-Mansiysk"]
[Date "2009.11.24"]
[Round "1"]
[White "Musin, Azat"]
[Black "Kalmachevskikh, Viktor"]
[Result "0-1"]
[WhiteElo "1771"]
[BlackElo "2317"]
[PlyCount "80"]
[EventDate "2009.11.24"]
[EventType "swiss"]
[EventRounds "11"]
[EventCountry "RUS"]
[SourceTitle "EXT 2011"]
[Source "ChessBase"]
[SourceDate "2010.11.26"]
[SourceVersion "1"]
[SourceVersionDate "2010.11.26"]
[SourceQuality "1"]

1. e4 c5 2. Nf3 Nc6 3. d4 cxd4 4. Nxd4 Nf6 5. Nc3 g6 6. Be3 Bg7 7. Bc4 0-0 8. f3 Qb6 9. Qd2 Nxe4 10. Nxc6 Qxc6 11. Bxf7+ Rxf7 12. fxe4 d6 13. Bd4 Be6 14. 0-0-0 Raf8 15. Bxg7 Kxg7 16. Qd4+ Kg8 17. Nd5 Bxd5 18. exd5 Qa6 19. a3 Rf2 20. Rhe1 R8f7 21. Qh4 Rxg2 22. Rxe7 Rxe7 23. Qxe7 Qe2 24. Qd8+ Kg7 25. Qc7+ Kh6 26. h3 Rf2 27. Qc3 Rf1 28. Qd4 Rxd1+ 29. Qxd1 Qxd1+ 30. Kxd1 Kg5 31. c4 Kf5 32. Kd2 Ke4 33. Kc3 g5 34. b4 h5 35. a4 g4 36. hxg4 hxg4 37. b5 g3 38. a5 g2 39. a6 b6 40. c5 dxc5 0-1

[Event "Moscow op-A"]
[Site "Moscow"]
[Date "2009.02.06"]
[Round "7"]
[White "Sek, Konstantin"]
[Black "Kalmachevskikh, Viktor"]
[Result "0-1"]
[WhiteElo "2417"]
[BlackElo "2306"]
[PlyCount "78"]
[EventDate "2009.01.31"]
[EventType "swiss"]
[EventRounds "9"]
[EventCountry "RUS"]
[SourceTitle "EXT 2023"]
[Source "ChessBase"]
[SourceDate "2022.10.05"]
[SourceVersion "1"]
[SourceVersionDate "2022.10.05"]
[SourceQuality "1"]

1. e4 c5 2. Nf3 Nc6 3. Bb5 g6 4. Bxc6 dxc6 5. d3 Bg7 6. h3 e5 7. Be3 Qe7 8. Qd2 Nf6 9. Nc3 Nd7 10. 0-0-0 Nf8 11. Nh2 Ne6 12. g3 Nd4 13. h4 Be6 14. f4 0-0-0 15. Qf2 b6 16. Rhf1 Rd7 17. g4 exf4 18. Bxf4 Nb5 19. Nxb5 cxb5 20. Bg5 Qd6 21. Bf6 Bxf6 22. Qxf6 Rhd8 23. Rd2 Qg3 24. Nf3 Rc7 25. Rg1 Qd6 26. b3 h6 27. Kb1 Qf8 28. Qf4 c4 29. dxc4 bxc4 30. Rxd8+ Qxd8 31. Qd2 Qf6 32. Nd4 Rd7 33. c3 cxb3 34. axb3 Bxb3 35. Qe2 Rxd4 36. cxd4 Qxd4 37. Rc1+ Kb7 38. h5 gxh5 39. gxh5 a5 0-1

[Event "Moscow op-A"]
[Site "Moscow"]
[Date "2009.02.05"]
[Round "6"]
[White "Ziatdinov, Raset"]
[Black "Kalmachevskikh, Viktor"]
[Result "1/2-1/2"]
[WhiteElo "2128"]
[BlackElo "2306"]
[PlyCount "59"]
[EventDate "2009.01.31"]
[EventType "swiss"]
[EventRounds "9"]
[EventCountry "RUS"]
[SourceTitle "EXT 2022"]
[Source "ChessBase"]
[SourceDate "2021.10.06"]
[SourceVersion "1"]
[SourceVersionDate "2021.10.06"]
[SourceQuality "1"]

1. e4 c5 2. Nf3 Nc6 3. d4 cxd4 4. Nxd4 Nf6 5. Nc3 g6 6. Bc4 Bg7 7. Nxc6 bxc6 8. e5 Ng8 9. Qf3 f5 10. Bf4 e6 11. 0-0-0 Qc7 12. Bb3 Rb8 13. Nb1 Nh6 14. Nd2 Ba6 15. Bc4 Qb6 16. Qb3 Qxb3 17. axb3 Bxc4 18. Nxc4 Nf7 19. Be3 Rb7 20. f4 Bf8 21. Kd2 d5 22. exd6 Nxd6 23. Nxd6+ Bxd6 24. Ra1 0-0 25. Ra6 Rc7 26. c3 Rff7 27. Rha1 e5 28. fxe5 Bxe5 29. h3 f4 30. Bxa7 1/2-1/2

[Event "Khanty-Mansiysk HMAO-ch"]
[Site "Khanty-Mansiysk"]
[Date "2008.01.29"]
[Round "8"]
[White "Kabanov, Nikolai"]
[Black "Kalmachevskikh, Viktor"]
[Result "1-0"]
[WhiteElo "2517"]
[BlackElo "2305"]
[PlyCount "99"]
[EventDate "2008.01.25"]
[EventType "swiss"]
[EventRounds "9"]
[EventCountry "RUS"]
[SourceTitle "EXT 2009"]
[Source "ChessBase"]
[SourceDate "2008.11.26"]
[SourceVersion "1"]
[SourceVersionDate "2008.11.26"]
[SourceQuality "1"]

1. Nf3 c5 2. e4 Nc6 3. Bb5 g6 4. Bxc6 dxc6 5. d3 Bg7 6. h3 Nf6 7. Nc3 0-0 8. Be3 b6 9. Qd2 Be6 10. Bh6 b5 11. Bxg7 Kxg7 12. Qe3 Qb6 13. Ng5 Bd7 14. f4 e6 15. 0-0 Rac8 16. b3 c4 17. Qxb6 axb6 18. bxc4 bxc4 19. dxc4 h6 20. Nf3 c5 21. e5 Nh5 22. Ne2 Kg8 23. g4 Ng7 24. Nc3 Ra8 25. Rab1 Ra6 26. Rfd1 Bc6 27. Kf2 Rc8 28. Ke3 Ne8 29. Nd2 Kf8 30. Nde4 Bxe4 31. Kxe4 Ke7 32. a4 Rd8 33. Rxd8 Kxd8 34. f5 Ke7 35. f6+ Kd7 36. a5 Kc7 37. Nb5+ Kc8 38. axb6 Rxb6 39. Ra1 Kb8 40. Ra5 Rc6 41. Kd3 Rb6 42. Nc3 Rb7 43. Rxc5 Rd7+ 44. Ke3 Ra7 45. Rb5+ Kc8 46. Kd4 Rd7+ 47. Ke3 Ra7 48. Rb4 Ra5 49. Kd4 Ra3 50. Ra4 1-0

[Event "Khanty-Mansiysk HMAO-ch"]
[Site "Khanty-Mansiysk"]
[Date "2008.01.26"]
[Round "3"]
[White "Lichkun, Denis"]
[Black "Kalmachevskikh, Viktor"]
[Result "0-1"]
[WhiteElo "1995"]
[BlackElo "2305"]
[PlyCount "86"]
[EventDate "2008.01.25"]
[EventType "swiss"]
[EventRounds "9"]
[EventCountry "RUS"]
[SourceTitle "EXT 2009"]
[Source "ChessBase"]
[SourceDate "2008.11.26"]
[SourceVersion "1"]
[SourceVersionDate "2008.11.26"]
[SourceQuality "1"]

1. e4 e6 2. d4 d5 3. Nc3 Nf6 4. Bg5 dxe4 5. Nxe4 Be7 6. Nxf6+ Bxf6 7. Bxf6 Qxf6 8. c3 b6 9. Qf3 Qxf3 10. Nxf3 Bb7 11. Bb5+ Ke7 12. Nd2 Nd7 13. f3 Rac8 14. 0-0-0 Rhd8 15. Ne4 Bxe4 16. fxe4 c5 17. Bxd7 Rxd7 18. d5 exd5 19. exd5 c4 20. Rd4 Kd6 21. Rf1 Re7 22. Kd2 Rc5 23. Rf5 f6 24. b4 Rc8 25. Rff4 b5 26. Rfe4 Rce8 27. Re6+ Rxe6 28. dxe6+ Kxe6 29. a4 a6 30. a5 Re7 31. Ke3 Rd7 32. Re4+ Kf7 33. Rd4 Ke7 34. Re4+ Kd8 35. Re6 Re7 36. Rxe7 Kxe7 37. h4 f5 38. Kf4 Kf6 39. g3 g6 40. Kf3 h6 41. Ke3 Ke5 42. Kf3 g5 43. h5 f4 0-1